000 00501nam a2200205Ia 4500
003 OSt
005 20140403154725.0
008 140130s9999 xx 000 0 und d
020 _a9780439775281
050 _aPZ 7
_b.M2225Mr 2005
100 _aMacLachlan, Patricia
245 _cPatricia MacLachlan.
_aMore perfect than the moon /
260 _bScholastic,
_c2005.
_aUSA :
300 _a80 p. :
_c19 cm.
440 _v1
521 _aG2
526 _c420
942 _cBK
_2lcc
999 _c40308
_d40308